Obra feta : intervenció arquitectònica en el patrimoni d'ús públic de la Diputació de Barcelona (1986-1992) intervenció arquitectònica en el patrimoni d'ús públic de la Diputació de Barcelona (1986-1992)
Descripción Física:
176 p. : il., col. ; 24 cm
MARC
| LEADER | 00000nam a2200000Ia 4500 | ||
|---|---|---|---|
| 001 | 10078 | ||
| 008 | 160829s1993 xx 000 0 cat d | ||
| 080 | |a B-1-291 | ||
| 245 | |a Obra feta : |b intervenció arquitectònica en el patrimoni d'ús públic de la Diputació de Barcelona (1986-1992) | ||
| 260 | |a Barcelona : |b Diputació de Barcelona, Àrea d'Obres Públiques, |c 1993 | ||
| 300 | |a 176 p. : |b il., col. ; |c 24 cm | ||
| 650 | |a Edificis públics |x Barcelona (Província) |x Conservació i restauració |9 30426 | ||
| 650 | |a Arquitectura moderna |x S. XX |x Barcelona (Província) |9 30427 | ||
| 710 | 1 | |a Barcelona (Catalunya : Província). |b Àrea d'Obres Públiques |9 55054 | |
| 901 | |a Arxiu | ||
| 942 | |n 1 | ||
| 952 | |0 0 |1 0 |4 0 |6 B1291 |7 1 |9 45417 |a Arxiu |b Arxiu |d 2016-12-01 |l 0 |o B-1-291 |p 10078 |r 2016-12-01 00:00:00 |w 2016-12-01 |y ARXIU | ||
| 999 | |c 48524 |d 48524 | ||